Central Library OPAC University of Rajshahi

ভ্রাম্যমাণ / (Record no. 55965)

MARC details
000 -LEADER
fixed length control field 00820nam a2200241 a 4500
001 - CONTROL NUMBER
control field 55965
003 - CONTROL NUMBER IDENTIFIER
rucl marc code BD-RjUL
005 - DATE AND TIME OF LATEST TRANSACTION
control field 20211209080334.0
008 - FIXED-LENGTH DATA ELEMENTS--GENERAL INFORMATION
fixed length control field 161124s1886 ii ||||| |||| 00| 0 ben d
020 ## - INTERNATIONAL STANDARD BOOK NUMBER
Terms of availability : IRs 7.50
035 ## - SYSTEM CONTROL NUMBER
System control number (BD-RjUL)56089
040 ## - CATALOGING SOURCE
Original cataloging agency BD-RjUL
Language of cataloging ben
Transcribing agency BD-RjUL
041 ## - LANGUAGE CODE
Language code of text/sound track or separate title ben
082 ## - DEWEY DECIMAL CLASSIFICATION NUMBER
Edition number 23
Classification number 780
Author mark and year RAV 1886
100 ## - MAIN ENTRY--PERSONAL NAME
Personal name রায়, দিলীপকুমার
9 (RLIN) 127406
245 10 - TITLE STATEMENT
Title ভ্রাম্যমাণ /
Statement of responsibility, etc. দিলীপকুমার রায়
250 ## - EDITION STATEMENT
Edition statement নুতন সং.
260 ## - PUBLICATION, DISTRIBUTION, ETC. (IMPRINT)
Place of publication, distribution, etc. কলিকাতা :
Name of publisher, distributor, etc. ইন্ডিয়ান অ্যাসোসিয়েশন,
Date of publication, distribution, etc. ১৮৮৬
300 ## - PHYSICAL DESCRIPTION
Pagination ২৯১ পৃ. ;
Size ২১ সেমি .
650 ## - SUBJECT ADDED ENTRY--TOPICAL TERM
Topical term or geographic name as entry element সঙ্গীত
9 (RLIN) 166596
Topical term or geographic name as entry element Music
9 (RLIN) 166597
942 ## - ADDED ENTRY ELEMENTS (KOHA)
Source of classification or shelving scheme Dewey Decimal Classification
Koha item type Books
Holdings
Lost status Source of classification or shelving scheme Damaged status Not for loan Collection code Permanent Location Current Location Shelving location Date acquired Source of acquisition Total Checkouts Full call number Date last seen Copy number Koha item type Cost, normal purchase price
  Dewey Decimal Classification     Non-fiction Central Library, University of Rajshahi Central Library, University of Rajshahi   15/08/1973 Paragon Enterprises Dhaka   B 780 RAV 1886 24/11/2016 C-2 Books  
  Dewey Decimal Classification   Not For Loan Non-fiction Central Library, University of Rajshahi Central Library, University of Rajshahi Reading Room 09/11/1978 Jonathan Wren & Co.   B 780 RAV 1886 24/05/2017 C-1 Books 7.50